00802cam a2200205 a 450000100100000000500170001000800410002702000150006804000180008308200180010110000330011924500790015226000310023130000280026244000380029050001290032850400320045765000530048965000540054200000193420200929145749.0920926s1991 ve ac b 001 0 spa  a9802594474 aDO-SdBNPcDLC a860.98bN321l1 aNavarrete Orta, Luis,d1932-10aLiteratura e ideas en la historia hispanoamericana /cLuis Navarrete Orta. aCaracas :bLagoven,c1991. a186 p. :bil. ;c21 cm. 0aCuadernos Lagoven.pMedio milenio aComisión Venezolana para la conmemoración del Quinto Centenario del descubrimiento de América. Encuentro de dos mundos aBibliografía: p. 168-173. 4aLiteratura latinoamericanaxHistoria y crítica 0aLiteratura hispanoamericanaxHistoria y crítica